000 00849nam a22002417i 4500
001 IT\ICCU\RAV\0694860
003 ItRI
005 20260115232338.0
008 001006s1947 it |||||| ||||| |||||c
015 _2IT
_a1949 2316
024 7 0 _a294035
_2cubi
040 _bita
_cimportazione bologna sebina
041 7 _aita
_2ISO-639-2
100 1 _aHall, Radclyffe
_0IT\ICCU\CFIV\001539
_4aut
240 1 4 _aThe master of the house
_3IT\ICCU\LIA\0034326
_9Hall, Radclyffe
245 1 3 _aIl padrone di casa /
_cRadclyffe Hall.
260 _aMilano :
_bOrsa Maggiore,
_c©1947
300 _a482 p., [1] c. di tav. :
_bill. ;
_c19 cm
500 _aTrad. di Olga Gandolfo.
790 1 _aHall, Marguerite Radclyffe
_3IT\ICCU\CFIV\153676
_zHall, Radclyffe
790 1 _aRadclyffe Hall, Marguerite
_3IT\ICCU\CFIV\165214
_zHall, Radclyffe
942 _2ddc
_cBK
_n0
999 _c20883
_d20883